Eksploratori modyul sa edukasyong pantahanan at pangkabuhayan: (Record no. 8488)

MARC details
000 -LEADER
fixed length control field 00960nam a22002417a 4500
003 - CONTROL NUMBER IDENTIFIER
control field OSt
005 - DATE AND TIME OF LATEST TRANSACTION
control field 20260223021548.0
008 - FIXED-LENGTH DATA ELEMENTS--GENERAL INFORMATION
fixed length control field 260223b |||||||| |||| 00| 0 eng d
020 ## - INTERNATIONAL STANDARD BOOK NUMBER
International Standard Book Number 978-621-04-5320-1
040 ## - CATALOGING SOURCE
Original cataloging agency DWC-Main lib
Transcribing agency OC
082 ## - DEWEY DECIMAL CLASSIFICATION NUMBER
Edition number First edition
Classification number Fil. 640 EK36 2025
100 ## - MAIN ENTRY--PERSONAL NAME
Personal name Umayam, Sunshine
245 ## - TITLE STATEMENT
Title Eksploratori modyul sa edukasyong pantahanan at pangkabuhayan:
Remainder of title home economics agri-fishery arts, information and communication technology, industrial arts, at entrepreneurship/
Statement of responsibility, etc. Sunshine Umayam
250 ## - EDITION STATEMENT
Edition statement First edition
260 ## - PUBLICATION, DISTRIBUTION, ETC.
Place of publication, distribution, etc. Manila, Philippines:
Name of publisher, distributor, etc. Rex Book Store,
Date of publication, distribution, etc. c2025.
300 ## - PHYSICAL DESCRIPTION
Extent viii, 346 pages:
Other physical details illustrations;
Dimensions 25 cm.
504 ## - BIBLIOGRAPHY, ETC. NOTE
Bibliography, etc. note Includes bibliographical references and index. <br/>
650 ## - SUBJECT ADDED ENTRY--TOPICAL TERM
Topical term or geographic name entry element 1. Home economics and livelihood.
700 ## - ADDED ENTRY--PERSONAL NAME
Personal name Alangelico O. San Pascual
700 ## - ADDED ENTRY--PERSONAL NAME
Personal name Maurice B. Gravidez
700 ## - ADDED ENTRY--PERSONAL NAME
Personal name Rowena P. De Guzman
942 ## - ADDED ENTRY ELEMENTS (KOHA)
Source of classification or shelving scheme Dewey Decimal Classification
Koha item type Book-Filipiniana
Edition First edition
Call number prefix Fil.
Suppress in OPAC No
952 ## - LOCATION AND ITEM INFORMATION (KOHA)
--
Holdings
Withdrawn status Lost status Source of classification or shelving scheme Damaged status Not for loan Home library Current library Shelving location Date acquired Source of acquisition Cost, normal purchase price Total Checkouts Full call number Barcode Date last seen Copy number Price effective from Koha item type Uniform Resource Identifier
    Dewey Decimal Classification     College Library College Library Filipiniana 10/12/2025 School Fund 440.00   Fil. 640 EK36 2025 CL54594 02/23/2026 c1 02/23/2026 BK - FIL